000 00938nam a22003257a 4500
003 OSt
005 20260525111347.0
008 260525b |||||||| |||| 00| 0 eng d
020 _a9788171788002
040 _cIN-NITTTR
082 _a370.954
_bKUM/RAA
100 _aKumar, Krishna
245 _aRaaj Samaaj Aur Shiksha
_cby krishna kumar
_hHindi
260 _aNew Delhi.
_bRajkamal Prakashan
_c2024
300 _a152 p.
650 _aEducation and Society
650 _aIndian Education System
650 _aEducational Sociology
650 _a Social Change and Education
650 _a Educational Philosophy
650 _aState and Education
650 _aSociety and Culture
650 _aPublic Policy in Education
650 _aEducational Reforms
650 _aSocial Sciences
650 _aPolitical Sociology
650 _aCultural Studies
650 _a Social Development
942 _2ddc
_cBK
_n0
999 _c33470
_d33470